[Event "Troya op 26th"]
[Site "Canakkale"]
[Date "2018.08.11"]
[Round "9"]
[White "Ozen, Ali"]
[Black "Daloglu, Berkay"]
[Result "1-0"]
[WhiteElo "1712"]
[BlackElo "1635"]
[PlyCount "115"]
[EventDate "2018.08.06"]
[EventType "swiss"]
[EventRounds "9"]
[EventCountry "TUR"]
[SourceTitle "EXT 2019"]
[Source "ChessBase"]
[SourceDate "2018.10.10"]
[SourceVersion "1"]
[SourceVersionDate "2018.10.10"]
[SourceQuality "1"]

1. e4 c5 2. Nf3 e6 3. d4 cxd4 4. Nxd4 a6 5. g3 Qc7 6. Bg2 Nc6 7. Nc3 Nf6 8. Nb3 Be7 9. a4 b6 10. 0-0 Bb7 11. f4 d6 12. Be3 0-0 13. Kh1 g6 14. g4 Nd7 15. Qe2 Rad8 16. f5 Nce5 17. Bh6 Rfe8 18. fxe6 fxe6 19. Nd4 Bf6 20. g5 Bg7 21. Bxg7 Kxg7 22. Qf2 Re7 23. Qh4 Kg8 24. Qh3 Rde8 25. Rf2 Qc5 26. Rd2 Nc4 27. Nb3 Qxg5 28. Rd4 Nde5 29. Re1 Rf8 30. Qg3 Qxg3 31. hxg3 Rf2 32. Re2 Ref7 33. Kg1 Rxe2 34. Nxe2 g5 35. Nd2 Nxd2 36. Rxd2 Rd7 37. b3 h5 38. Nd4 Kf7 39. Nf3 Nxf3+ 40. Bxf3 g4 41. Bg2 Kf6 42. Kf2 Ke5 43. Ke3 Rc7 44. c4 Rf7 45. Rd1 Bc6 46. Rh1 Rh7 47. Rf1 b5 48. cxb5 axb5 49. Rc1 Be8 50. Rc8 Bg6 51. Rg8 Kf6 52. a5 b4 53. a6 Ra7 54. Bf1 Bf7 55. Rb8 e5 56. Rxb4 d5 57. Rb6+ Ke7 58. Rb7+ 1-0

[Event "TUR-chT2"]
[Site "Konya"]
[Date "2018.07.12"]
[Round "5.9"]
[White "Sanlisavas, Murat"]
[Black "Ozen, Ali"]
[Result "1-0"]
[WhiteElo "1560"]
[BlackElo "1666"]
[PlyCount "163"]
[EventDate "2018.07.10"]
[EventType "team-swiss"]
[EventRounds "9"]
[EventCountry "TUR"]
[SourceTitle "EXT 2019"]
[Source "ChessBase"]
[SourceDate "2018.10.10"]
[SourceVersion "1"]
[SourceVersionDate "2018.10.10"]
[SourceQuality "1"]
[WhiteTeam "Antalya Cankaya Univ"]
[BlackTeam "Pamukkale Yonetimi"]
[WhiteTeamCountry "TUR"]
[BlackTeamCountry "TUR"]

1. e4 c5 2. d4 cxd4 3. c3 d3 4. Bxd3 g6 5. c4 Bg7 6. Nc3 Nc6 7. Nf3 Nf6 8. h3 d6 9. Bd2 Nd7 10. Rc1 Nc5 11. Bb1 b6 12. b3 Bb7 13. 0-0 0-0 14. Qe2 a5 15. Be3 e6 16. Rfd1 Qe7 17. Bf4 Rfd8 18. Nb5 e5 19. Bg5 f6 20. Be3 a4 21. Qb2 axb3 22. axb3 f5 23. Bg5 Bf6 24. Bxf6 Qxf6 25. exf5 gxf5 26. Nc7 Qg7 27. Nd5 Ne4 28. Bxe4 fxe4 29. Nd2 Nd4 30. Nxe4 Bc8 31. Rc3 Nf5 32. Ng3 Nh4 33. Re3 Bb7 34. Re4 Bxd5 35. Rxh4 Be6 36. Qd2 Qg6 37. Rh6 Qf7 38. Qg5+ Kh8 39. Qf6+ Qxf6 40. Rxf6 Bg8 41. Rfxd6 Rxd6 42. Rxd6 b5 43. cxb5 Ra1+ 44. Kh2 Rb1 45. Rd8 Kg7 46. Nf5+ Kf6 47. Rf8+ Bf7 48. Nh6 Kg7 49. Rxf7+ Kxh6 50. Re7 Rxb3 51. Rxe5 Rb2 52. Kg3 Rb3+ 53. f3 Rb4 54. Re6+ Kg5 55. Rb6 h5 56. Rb8 h4+ 57. Kh2 Rb1 58. b6 Kf6 59. b7 Kg7 60. f4 Kh7 61. f5 Rb6 62. f6 Rxf6 63. Rh8+ Kxh8 64. b8Q+ Kg7 65. Qd8 Kg6 66. Qg8+ Kh6 67. Qg4 Rg6 68. Qxh4+ Kg7 69. Qe7+ Kh8 70. Qe8+ Kh7 71. Qxg6+ Kxg6 72. Kg3 Kg5 73. h4+ Kh5 74. Kh3 Kh6 75. Kg4 Kg6 76. g3 Kh6 77. Kf5 Kg7 78. g4 Kh6 79. Kf6 Kh7 80. Kf7 Kh8 81. g5 Kh7 82. g6+ 1-0

[Event "TUR-chT2"]
[Site "Konya"]
[Date "2018.07.11"]
[Round "3.5"]
[White "Kiraz, Yigit"]
[Black "Ozen, Ali"]
[Result "1-0"]
[WhiteElo "1658"]
[BlackElo "1666"]
[PlyCount "59"]
[EventDate "2018.07.10"]
[EventType "team-swiss"]
[EventRounds "9"]
[EventCountry "TUR"]
[SourceTitle "EXT 2019"]
[Source "ChessBase"]
[SourceDate "2018.10.10"]
[SourceVersion "1"]
[SourceVersionDate "2018.10.10"]
[SourceQuality "1"]
[WhiteTeam "Denizli Onay"]
[BlackTeam "Pamukkale Yonetimi"]
[WhiteTeamCountry "TUR"]
[BlackTeamCountry "TUR"]

1. d4 Nf6 2. Nf3 g6 3. Bf4 Bg7 4. e3 d6 5. h3 0-0 6. Be2 c5 7. 0-0 cxd4 8. exd4 Qb6 9. b3 Nc6 10. Na3 Nd5 11. Nc4 Qc7 12. Qd2 Nxf4 13. Qxf4 b5 14. Ne3 a6 15. Rad1 Nxd4 16. Nxd4 e5 17. Nd5 Qb7 18. Nf6+ Bxf6 19. Qxf6 exd4 20. Bf3 d5 21. h4 Ra7 22. h5 Qe7 23. Qxd4 Be6 24. Rfe1 Rd7 25. h6 f5 26. Qe5 Rf6 27. Bxd5 Kf7 28. Bxe6+ Rxe6 29. Qg7+ Ke8 30. Qg8+ 1-0

[Event "TUR-chT2"]
[Site "Konya"]
[Date "2018.07.11"]
[Round "2.12"]
[White "Ozen, Ali"]
[Black "Celik, Muhammed Yusuf"]
[Result "1/2-1/2"]
[WhiteElo "1666"]
[BlackElo "1515"]
[PlyCount "143"]
[EventDate "2018.07.10"]
[EventType "team-swiss"]
[EventRounds "9"]
[EventCountry "TUR"]
[SourceTitle "EXT 2019"]
[Source "ChessBase"]
[SourceDate "2018.10.10"]
[SourceVersion "1"]
[SourceVersionDate "2018.10.10"]
[SourceQuality "1"]
[WhiteTeam "Pamukkale Yonetimi"]
[BlackTeam "Aydin Zeybek"]
[WhiteTeamCountry "TUR"]
[BlackTeamCountry "TUR"]

1. d4 Nf6 2. c4 e5 3. dxe5 Ng4 4. Bf4 Nc6 5. Nf3 Bb4+ 6. Nc3 Qe7 7. Qd5 Bxc3+ 8. bxc3 Qa3 9. Rc1 Ne7 10. Qd4 Nc6 11. Qd5 Ne7 12. Qe4 Qc5 13. Qd4 Qc6 14. h3 Nh6 15. e4 Ng6 16. Bxh6 gxh6 17. h4 h5 18. c5 b5 19. Rb1 a6 20. a4 Bb7 21. Rb4 bxa4 22. Ng5 0-0 23. Bc4 Nf4 24. Bd5 Nxd5 25. exd5 Qxd5 26. Rxb7 Qxb7 27. Qd3 f5 28. 0-0 Qb5 29. Qd5+ Kg7 30. e6 h6 31. Qe5+ Kg6 32. e7 hxg5 33. exf8Q Rxf8 34. Qe7 Rf6 35. Qe8+ Rf7 36. hxg5 Qxc5 37. Qg8+ Rg7 38. Qh8 Qd6 39. Qh6+ Kf7 40. Qxd6 cxd6 41. Ra1 Rxg5 42. Rxa4 Rg4 43. Rxa6 Ke6 44. f3 Rc4 45. Ra3 Ke5 46. Kf2 h4 47. Ke3 f4+ 48. Kd3 Rc8 49. Ra5+ d5 50. Ra7 Ke6 51. Ra6+ d6 52. Ra7 Rh8 53. Rg7 h3 54. gxh3 Rxh3 55. Ke2 Rh2+ 56. Kd3 Rf2 57. Rg6+ Ke7 58. Rg5 Rxf3+ 59. Kd4 Rf1 60. Kxd5 Re1 61. Rg7+ Kf6 62. Rg8 Kf7 63. Rg4 Re5+ 64. Kxd6 Rf5 65. Rg2 f3 66. Rf2 Kg6 67. c4 Kg5 68. c5 Kg4 69. c6 Kg3 70. Rxf3+ Rxf3 71. c7 Rd3+ 72. Ke7 1/2-1/2

[Event "TUR-chT 2nd League"]
[Site "Konya"]
[Date "2017.07.23"]
[Round "9.14"]
[White "Ozen, Ali"]
[Black "Benk, Tolga Tugay"]
[Result "1-0"]
[WhiteElo "1705"]
[BlackElo "1891"]
[PlyCount "37"]
[EventDate "2017.07.17"]
[EventType "team-swiss"]
[EventRounds "9"]
[EventCountry "TUR"]
[SourceTitle "EXT 2018"]
[Source "ChessBase"]
[SourceDate "2017.10.13"]
[SourceVersion "1"]
[SourceVersionDate "2017.10.13"]
[SourceQuality "1"]
[WhiteTeam "Pamukkale Yonetimi"]
[BlackTeam "Mersin Zeka"]
[WhiteTeamCountry "TUR"]
[BlackTeamCountry "TUR"]

1. e4 d6 2. d4 Nf6 3. Nc3 g6 4. f4 Bg7 5. Nf3 0-0 6. e5 Nfd7 7. h4 c5 8. h5 cxd4 9. Qxd4 dxe5 10. Qf2 e6 11. hxg6 hxg6 12. Ne4 Qe7 13. Bd2 exf4 14. 0-0-0 e5 15. Nfg5 Nf6 16. Bb4 Qxb4 17. Nxf6+ Bxf6 18. Qh4 Re8 19. Qh7+ 1-0

[Event "TUR-chT 2nd League"]
[Site "Konya"]
[Date "2017.07.18"]
[Round "2.10"]
[White "Atas, Yunus"]
[Black "Ozen, Ali"]
[Result "1-0"]
[WhiteElo "1708"]
[BlackElo "1705"]
[PlyCount "127"]
[EventDate "2017.07.17"]
[EventType "team-swiss"]
[EventRounds "9"]
[EventCountry "TUR"]
[SourceTitle "CBM 179 Extra"]
[Source "ChessBase"]
[SourceDate "2017.08.23"]
[SourceVersion "1"]
[SourceVersionDate "2017.08.23"]
[SourceQuality "1"]
[WhiteTeam "Antalya Deniz Genclik"]
[BlackTeam "Pamukkale Yonetimi"]
[WhiteTeamCountry "TUR"]
[BlackTeamCountry "TUR"]

1. d4 d5 2. c4 e5 3. dxe5 d4 4. Nf3 Nc6 5. g3 Nge7 6. Bg2 Ng6 7. 0-0 Ncxe5 8. Nxe5 Nxe5 9. Qa4+ Bd7 10. Qa5 Nc6 11. Qb5 a6 12. Qb3 Bc5 13. Qxb7 Rb8 14. Qxa6 Nb4 15. Qa5 Qe7 16. Na3 0-0 17. Bf4 d3 18. exd3 Nxd3 19. Qd2 Nxf4 20. Qxf4 Rxb2 21. Nb5 Bxb5 22. cxb5 Rxb5 23. Rfe1 Qd6 24. Qc4 Rb4 25. Qc2 Bd4 26. Rab1 Rfb8 27. Rxb4 Rxb4 28. Rb1 g6 29. Rxb4 Qxb4 30. Bd5 Qe1+ 31. Kg2 Qe5 32. Qc4 Qf6 33. Bxf7+ Kf8 34. Be6 Qxf2+ 35. Kh3 c5 36. Qa6 Ke7 37. Bg4 Qe3 38. Qb7+ Kf6 39. Qxh7 c4 40. Qg8 c3 41. Qf8+ Ke5 42. Qe7+ Kd5 43. Qxe3 Bxe3 44. Bd1 Kc4 45. Bc2 g5 46. Kg4 Kb4 47. a4 Ka3 48. h4 gxh4 49. gxh4 Bb6 50. h5 Kb2 51. Bd3 Kb3 52. Kf4 Kxa4 53. Ke4 Ba5 54. h6 Kb3 55. h7 c2 56. Bxc2+ Kxc2 57. h8Q Bc3 58. Qg8 Bb2 59. Qc4+ Bc3 60. Ke3 Kb2 61. Kd3 Bg7 62. Qc2+ Ka1 63. Kc4 Bf6 64. Kb3 1-0

[Event "TUR-chT 2nd League"]
[Site "Konya"]
[Date "2017.07.18"]
[Round "3.7"]
[White "Ozen, Ali"]
[Black "Oz, Ozan"]
[Result "1-0"]
[WhiteElo "1705"]
[BlackElo "1849"]
[PlyCount "63"]
[EventDate "2017.07.17"]
[EventType "team-swiss"]
[EventRounds "9"]
[EventCountry "TUR"]
[SourceTitle "CBM 179 Extra"]
[Source "ChessBase"]
[SourceDate "2017.08.23"]
[SourceVersion "1"]
[SourceVersionDate "2017.08.23"]
[SourceQuality "1"]
[WhiteTeam "Pamukkale Yonetimi"]
[BlackTeam "Genc Efe Izcilik"]
[WhiteTeamCountry "TUR"]
[BlackTeamCountry "TUR"]

1. d4 Nf6 2. c4 e6 3. e3 b6 4. Nc3 Bb4 5. Nge2 0-0 6. a3 Bxc3+ 7. Nxc3 Bb7 8. Bd3 d5 9. cxd5 exd5 10. b4 Re8 11. 0-0 Nbd7 12. b5 a6 13. Bb2 axb5 14. Nxb5 Qb8 15. Qc2 c6 16. Nc3 c5 17. Rfb1 Ba6 18. Bf5 Nf8 19. dxc5 Bc4 20. Na4 b5 21. Nb6 Ra7 22. a4 Qc7 23. axb5 Rxa1 24. Bxa1 Qxc5 25. Bd4 Qc7 26. Nxc4 dxc4 27. Bxf6 gxf6 28. Kf1 Ne6 29. Bxe6 fxe6 30. Ke2 Kf7 31. Kd2 Ke7 32. b6 1-0

[Event "TUR-chT2"]
[Site "Konya"]
[Date "2016.07.18"]
[Round "2.3"]
[White "Ozalp, Burak"]
[Black "Ozen, Ali"]
[Result "1-0"]
[WhiteElo "2169"]
[BlackElo "1707"]
[PlyCount "99"]
[EventDate "2016.07.17"]
[EventType "team-swiss"]
[EventRounds "9"]
[EventCountry "TUR"]
[SourceTitle "CBM 173 Extra"]
[Source "ChessBase"]
[SourceDate "2016.08.29"]
[SourceVersion "1"]
[SourceVersionDate "2016.08.29"]
[SourceQuality "1"]
[WhiteTeam "Burdur Callica"]
[BlackTeam "Denizli Pamukkale Uni"]
[WhiteTeamCountry "TUR"]
[BlackTeamCountry "TUR"]

1. d4 Nf6 2. Nc3 g6 3. e4 d6 4. Bg5 Bg7 5. Qd2 0-0 6. 0-0-0 Nbd7 7. h4 Nb6 8. f3 Be6 9. Bh6 Nh5 10. Bxg7 Kxg7 11. d5 Bd7 12. Nge2 e5 13. g4 Nf6 14. Ng3 Ng8 15. g5 h5 16. gxh6+ Nxh6 17. h5 g5 18. Bd3 a6 19. Rdg1 Bb5 20. Nf5+ Nxf5 21. Rxg5+ Kf6 22. Rxf5+ Ke7 23. h6 Bxd3 24. cxd3 f6 25. Ne2 Rh8 26. Rg1 Rh7 27. Rxf6 Qh8 28. Rfg6 Rf8 29. Qg5+ Kd7 30. Rg7+ Kc8 31. Qe7 Rxg7 32. hxg7 Qh6+ 33. f4 Rg8 34. Qf7 Qh7 35. f5 Nd7 36. Kb1 c6 37. dxc6 bxc6 38. f6 a5 39. Qxg8+ Qxg8 40. f7 Qxf7 41. g8Q+ Qxg8 42. Rxg8+ Kc7 43. Rg7 Kd8 44. d4 exd4 45. Nxd4 Kc7 46. a4 c5 47. Nb3 d5 48. Nxc5 dxe4 49. Rxd7+ Kc6 50. Re7 1-0

[Event "TUR-chT2"]
[Site "Konya"]
[Date "2015.07.27"]
[Round "4.5"]
[White "Kucukdogerli, Murat Can"]
[Black "Ozen, Ali"]
[Result "1-0"]
[WhiteElo "1859"]
[BlackElo "1734"]
[PlyCount "63"]
[EventDate "2015.07.25"]
[EventType "team-swiss"]
[EventRounds "9"]
[EventCountry "TUR"]
[SourceTitle "CBM 167 Extra"]
[Source "ChessBase"]
[SourceDate "2015.09.14"]
[SourceVersion "1"]
[SourceVersionDate "2015.09.14"]
[SourceQuality "1"]
[WhiteTeam "Ankara Ego"]
[BlackTeam "Denizli Pausa"]
[WhiteTeamCountry "TUR"]
[BlackTeamCountry "TUR"]

1. e4 c5 2. Nc3 g6 3. d3 Bg7 4. g3 Nc6 5. Be3 d6 6. Qd2 Nd4 7. Bg2 e6 8. Nd1 Rb8 9. c3 Nc6 10. Ne2 h5 11. f4 h4 12. g4 h3 13. Bf3 e5 14. 0-0 exf4 15. Bxf4 Ne5 16. Ne3 Bh6 17. d4 Bxf4 18. Nxf4 Qg5 19. dxe5 Qxf4 20. exd6 Rh4 21. Be2 Qg5 22. Bb5+ Kf8 23. d7 Rxg4+ 24. Kh1 Bxd7 25. Qxd7 Nf6 26. Rxf6 Qxf6 27. Qxg4 Qf2 28. Qg3 Qxb2 29. Qxb8+ Kg7 30. Qe5+ f6 31. Qe7+ Kh6 32. Rg1 1-0

[Event "TUR-chT2"]
[Site "Konya"]
[Date "2015.07.25"]
[Round "1.8"]
[White "Yelligedik, Murat"]
[Black "Ozen, Ali"]
[Result "1-0"]
[WhiteElo "1955"]
[BlackElo "1734"]
[PlyCount "73"]
[EventDate "2015.07.25"]
[EventType "team-swiss"]
[EventRounds "9"]
[EventCountry "TUR"]
[SourceTitle "CBM 167 Extra"]
[Source "ChessBase"]
[SourceDate "2015.09.14"]
[SourceVersion "1"]
[SourceVersionDate "2015.09.14"]
[SourceQuality "1"]
[WhiteTeam "Burdur Callica"]
[BlackTeam "Denizli Pausa"]
[WhiteTeamCountry "TUR"]
[BlackTeamCountry "TUR"]

1. e4 c5 2. Nf3 g6 3. d4 cxd4 4. Nxd4 Bg7 5. c4 Nc6 6. Be3 Nf6 7. Nc3 0-0 8. Be2 d6 9. 0-0 Bd7 10. f3 Nxd4 11. Bxd4 Bc6 12. Qd2 a5 13. Rfd1 Nd7 14. Be3 a4 15. b4 axb3 16. axb3 Rxa1 17. Rxa1 f5 18. Ra3 Bxc3 19. Qxc3 fxe4 20. fxe4 Bxe4 21. Bg4 Bf5 22. Bf3 Ne5 23. Bxb7 Ng4 24. h3 Nxe3 25. Qxe3 Qc7 26. Bd5+ e6 27. Bxe6+ Bxe6 28. Qxe6+ Qf7 29. Qxd6 Qf2+ 30. Kh2 Rf5 31. Qc7 Rf7 32. Qe5 Qf4+ 33. Qxf4 Rxf4 34. Ra7 h5 35. c5 Kf8 36. Rb7 h4 37. c6 1-0

[Event "Manavgat Turkey Cup"]
[Site "Manavgat"]
[Date "2015.02.01"]
[Round "3"]
[White "Lokman, Hilmi Merih"]
[Black "Ozen, Ali"]
[Result "0-1"]
[WhiteElo "1648"]
[BlackElo "1670"]
[PlyCount "38"]
[EventDate "2015.01.31"]
[EventType "swiss"]
[EventRounds "11"]
[EventCountry "TUR"]
[SourceTitle "CBM 164 Extra"]
[Source "ChessBase"]
[SourceDate "2015.03.02"]
[SourceVersion "1"]
[SourceVersionDate "2015.03.02"]
[SourceQuality "1"]

1. d4 Nf6 2. e3 g6 3. Bd3 Bg7 4. Nd2 0-0 5. f4 d6 6. e4 Nc6 7. Ngf3 e5 8. fxe5 dxe5 9. d5 Nb4 10. Be2 Ng4 11. Nc4 f5 12. Ng5 h6 13. Bxg4 fxg4 14. Ne6 Bxe6 15. dxe6 Qh4+ 16. g3 Qf6 17. Be3 Qxe6 18. a3 Qxc4 19. axb4 Qxb4+ 0-1

[Event "Kemer Turkey Cup"]
[Site "Kemer"]
[Date "2014.02.02"]
[Round "3"]
[White "Ozen, Ali"]
[Black "Saba, Zafer Rabin"]
[Result "0-1"]
[WhiteElo "1720"]
[BlackElo "1887"]
[PlyCount "152"]
[EventDate "2014.02.01"]
[EventType "swiss"]
[EventRounds "9"]
[EventCountry "TUR"]
[SourceTitle "CBM 158 Extra"]
[Source "ChessBase"]
[SourceDate "2014.02.28"]
[SourceVersion "1"]
[SourceVersionDate "2014.02.28"]
[SourceQuality "1"]

1. e4 d6 2. d4 Nf6 3. Nc3 g6 4. Nf3 Bg7 5. Be2 0-0 6. 0-0 a6 7. h3 b5 8. e5 Nfd7 9. e6 fxe6 10. Ng5 Nf6 11. Bg4 Nxg4 12. Qxg4 e5 13. Qh4 h6 14. Nf3 g5 15. Qe4 c6 16. dxe5 Bf5 17. Qe2 Nd7 18. g4 Be6 19. exd6 Bc4 20. dxe7 Bxe2 21. exd8Q Raxd8 22. Nxe2 Rxf3 23. Ng3 Be5 24. Kg2 Rf6 25. Ne4 Re6 26. Rd1 Bc7 27. f3 Bb6 28. b3 Nf6 29. Nxf6+ Rxf6 30. Rxd8+ Bxd8 31. Be3 Rd6 32. Kf2 Kf7 33. a4 Bf6 34. Rb1 Bc3 35. Ke2 Ke6 36. Rd1 Rxd1 37. Kxd1 bxa4 38. bxa4 Kd5 39. Ke2 Kc4 40. Bb6 a5 41. Ke3 Kb4 42. Bd4 Bxd4+ 43. Kxd4 Kxa4 44. Kc4 Ka3 45. f4 gxf4 46. h4 Kb2 47. g5 hxg5 48. hxg5 Kxc2 49. Kd4 a4 50. g6 a3 51. g7 a2 52. g8Q a1Q+ 53. Ke4 Qa4+ 54. Ke5 Kc3 55. Qg1 Qc4 56. Qc1+ Kb4 57. Qb2+ Kc5 58. Qf2+ Kb5 59. Qb2+ Qb4 60. Qe2+ Kb6 61. Qd1 c5 62. Qd8+ Kb5 63. Qd7+ Kb6 64. Qd8+ Ka6 65. Qc8+ Kb5 66. Qb7+ Ka4 67. Qa6+ Kb3 68. Qe6+ Kb2 69. Qc6 f3 70. Qg6 Qd4+ 71. Ke6 f2 72. Qg2 Kc3 73. Qf3+ Kd2 74. Qf8 Qc4+ 75. Kd7 f1Q 76. Qh6+ Qcf4 0-1

[Event "TUR-ch"]
[Site "Antalya"]
[Date "2013.02.07"]
[Round "9"]
[White "Bitirgen, Bilent"]
[Black "Ozen, Ali"]
[Result "1/2-1/2"]
[WhiteElo "1836"]
[BlackElo "1679"]
[PlyCount "89"]
[EventDate "2013.02.02"]
[EventType "swiss"]
[EventRounds "11"]
[EventCountry "TUR"]
[SourceTitle "CBM 152 Extra"]
[Source "ChessBase"]
[SourceDate "2013.02.25"]
[SourceVersion "1"]
[SourceVersionDate "2013.02.25"]
[SourceQuality "1"]

1. d4 d5 2. c4 e5 3. e3 exd4 4. exd4 Bb4+ 5. Nc3 Qe7+ 6. Be3 Nf6 7. h3 Ne4 8. Qb3 Bxc3+ 9. bxc3 Ng3 10. Rh2 Nxf1 11. Kxf1 dxc4 12. Qxc4 b6 13. Qa4+ Bd7 14. Qc2 0-0 15. Nf3 Qf6 16. Bg5 Qf5 17. Qxf5 Bxf5 18. Rh1 Bd3+ 19. Ke1 Nd7 20. Kd2 Bc4 21. Rhe1 Rfe8 22. a3 c5 23. Rxe8+ Rxe8 24. Re1 Rxe1 25. Nxe1 f6 26. Bf4 g5 27. Bc7 Bf1 28. f4 gxf4 29. Bxf4 Kf7 30. Ke3 Ke6 31. Kf2 Bb5 32. dxc5 Nxc5 33. Bb8 a5 34. Bc7 Na4 35. Bd8 f5 36. Nf3 Be8 37. Ke1 Kd5 38. Kd2 Kc4 39. Kc2 f4 40. Nd2+ Kd5 41. Bc7 Bg6+ 42. Kb3 Nc5+ 43. Ka2 Na4 44. Kb3 Nc5+ 45. Ka2 1/2-1/2

[Event "TUR-chT"]
[Site "Konya"]
[Date "2012.07.12"]
[Round "2"]
[White "Tanrikulu, Erhan"]
[Black "Ozen, Ali"]
[Result "1-0"]
[WhiteElo "2267"]
[BlackElo "1678"]
[PlyCount "81"]
[EventDate "2012.07.11"]
[EventType "team-tourn"]
[EventRounds "13"]
[EventCountry "TUR"]
[SourceTitle "CBM 149 Extra"]
[Source "ChessBase"]
[SourceDate "2012.08.24"]
[SourceVersion "1"]
[SourceVersionDate "2012.08.24"]
[SourceQuality "1"]
[WhiteTeam "Besiktas Jimnastik"]
[BlackTeam "Denizli Pamukkale Uni"]
[WhiteTeamCountry "TUR"]
[BlackTeamCountry "TUR"]

1. e4 c5 2. Nf3 Nc6 3. c3 d5 4. exd5 Qxd5 5. d4 cxd4 6. cxd4 e5 7. Nc3 Bb4 8. Bd2 Bxc3 9. Bxc3 exd4 10. Nxd4 Nf6 11. Qe2+ Kf8 12. 0-0-0 Qg5+ 13. Kb1 Nxd4 14. Bxd4 Be6 15. Qb5 Qxb5 16. Bxb5 Rc8 17. Bxa7 g5 18. Bd4 Kg7 19. h4 Bf5+ 20. Bd3 Bxd3+ 21. Rxd3 g4 22. h5 Rc6 23. f3 Re8 24. fxg4 Kg8 25. g5 Nd5 26. a3 Nf4 27. Rf3 Re4 28. Rd1 Ne6 29. Bc3 Rg4 30. Rd7 Rc7 31. Rxc7 Nxc7 32. Bf6 Nd5 33. Rd3 Nxf6 34. gxf6 h6 35. Rd8+ Kh7 36. Rf8 Rxg2 37. Rxf7+ Kg8 38. Rxb7 Rg5 39. Rg7+ Rxg7 40. fxg7 Kxg7 41. a4 1-0

[Event "TUR-ch"]
[Site "Kemer"]
[Date "2012.01.31"]
[Round "4"]
[White "Ozen, Ali"]
[Black "Baglan, Esat"]
[Result "0-1"]
[WhiteElo "1683"]
[BlackElo "1913"]
[PlyCount "92"]
[EventDate "2012.01.29"]
[EventType "swiss"]
[EventRounds "10"]
[EventCountry "TUR"]
[SourceTitle "CBM 146 Extra"]
[Source "ChessBase"]
[SourceDate "2012.02.29"]
[SourceVersion "1"]
[SourceVersionDate "2012.02.29"]
[SourceQuality "1"]

1. e4 c5 2. Nf3 g6 3. d4 cxd4 4. Nxd4 Bg7 5. c4 Nc6 6. Nc2 Nf6 7. Nc3 0-0 8. Be3 d6 9. Be2 Nd7 10. 0-0 Nc5 11. f3 a5 12. Qc1 f5 13. Rd1 b6 14. Nd4 Bb7 15. exf5 gxf5 16. Ncb5 Qd7 17. Nxc6 Bxc6 18. Bd4 Bxb5 19. Bxg7 Kxg7 20. cxb5 e6 21. b4 axb4 22. Rd4 d5 23. Rxb4 Kh8 24. Rbb1 Qg7 25. Qe3 f4 26. Qc1 Qd4+ 27. Kh1 Rfc8 28. Qb2 Qxb2 29. Rxb2 Ra3 30. Rd1 Rca8 31. Rdd2 Na4 32. Rbc2 Nc3 33. g3 fxg3 34. hxg3 Rxa2 35. Bd3 Rxc2 36. Rxc2 d4 37. Bc4 Ra1+ 38. Kh2 e5 39. Kh3 Kg7 40. Kg4 Nd1 41. Re2 Ne3+ 42. Rxe3 dxe3 43. f4 e4 44. Kf5 Ra2 45. Bxa2 e2 46. Kxe4 e1Q+ 0-1